Macmillan literature series. (Record no. 13991)

000 -LEADER
fixed length control field 01055cam a2200361Ia 4500
020 ## - INTERNATIONAL STANDARD BOOK NUMBER
ISBN 0026350327 (v. 1)
020 ## - INTERNATIONAL STANDARD BOOK NUMBER
ISBN 9780026350327 (v. 1)
020 ## - INTERNATIONAL STANDARD BOOK NUMBER
ISBN 0026350424 (v. 2)
020 ## - INTERNATIONAL STANDARD BOOK NUMBER
ISBN 9780026350426 (v. 2)
020 ## - INTERNATIONAL STANDARD BOOK NUMBER
ISBN 0026350521 (v. 3)
020 ## - INTERNATIONAL STANDARD BOOK NUMBER
ISBN 9780026350525 (v. 3)
020 ## - INTERNATIONAL STANDARD BOOK NUMBER
ISBN 0026350629 (v. 4)
020 ## - INTERNATIONAL STANDARD BOOK NUMBER
ISBN 9780026350624 (v. 4)
020 ## - INTERNATIONAL STANDARD BOOK NUMBER
ISBN 0026350726 (v. 5)
020 ## - INTERNATIONAL STANDARD BOOK NUMBER
ISBN 9780026350723 (v. 5)
020 ## - INTERNATIONAL STANDARD BOOK NUMBER
ISBN 0026350920 (v. 6)
020 ## - INTERNATIONAL STANDARD BOOK NUMBER
ISBN 9780026350921 (v. 6)
020 ## - INTERNATIONAL STANDARD BOOK NUMBER
ISBN 0026351021 (v. 7)
020 ## - INTERNATIONAL STANDARD BOOK NUMBER
ISBN 9780026351027 (v. 7)
020 ## - INTERNATIONAL STANDARD BOOK NUMBER
ISBN 0026350815 (v. 8)
020 ## - INTERNATIONAL STANDARD BOOK NUMBER
ISBN 9780026350815 (v. 8)
040 ## - CATALOGING SOURCE
Transcribing agency NRC
082 ## - DEWEY DECIMAL CLASSIFICATION NUMBER
Classification number 807 GLE 1991 A094 Or.
245 00 - TITLE STATEMENT
Title Macmillan literature series.
250 ## - EDITION STATEMENT
Edition statement Signature ed., Teacher's annotated ed.
260 ## - PUBLICATION, DISTRIBUTION, ETC. (IMPRINT)
Place of publication Mission Hills, Calif. :
Name of publisher Glencoe/McGraw-Hill,
Year of publication c1991.
300 ## - PHYSICAL DESCRIPTION
Number of Pages 8 v. :
Other physical details ill. (some col), ;
Dimensions 28 cm.
500 ## - GENERAL NOTE
General note Volume 8 is not teacher's ed.
500 ## - GENERAL NOTE
General note Includes indexes.
650 #0 - SUBJECT ADDED ENTRY--TOPICAL TERM
Topical Term Literature
650 #0 - SUBJECT ADDED ENTRY--TOPICAL TERM
Topical Term Literature
942 ## - ADDED ENTRY ELEMENTS (KOHA)
Koha item type សៀវភៅភាសាអង់គ្លេស
952 ## - LOCATION AND ITEM INFORMATION (KOHA)
Withdrawn status [LOCAL, KOHA] 0
Holdings
Permanent Location Date acquired Koha item type Lost status Shelving location Barcode Current Location Full call number
Library Block A2017-10-04សៀវភៅភាសាអង់គ្លេស A094A19833Library Block A807 GLE 1991 A094 Or.
មជ្ឈមណ្ឌលឯការនៃសាកលវិទ្យាល័យភូមិន្ទកសិកម្មចំការដូង

Powered by Koha